<?xml version="1.0" encoding="UTF-8"?><?xml-stylesheet type="text/xsl" href="static/style.xsl"?><OAI-PMH xmlns="http://www.openarchives.org/OAI/2.0/" xmlns:xsi="http://www.w3.org/2001/XMLSchema-instance" xsi:schemaLocation="http://www.openarchives.org/OAI/2.0/ http://www.openarchives.org/OAI/2.0/OAI-PMH.xsd"><responseDate>2026-04-14T02:50:21Z</responseDate><request verb="GetRecord" identifier="oai:www.recercat.cat:10256/28494" metadataPrefix="marc">https://recercat.cat/oai/request</request><GetRecord><record><header><identifier>oai:recercat.cat:10256/28494</identifier><datestamp>2026-03-21T23:28:00Z</datestamp><setSpec>com_2072_452966</setSpec><setSpec>com_2072_2054</setSpec><setSpec>col_2072_452968</setSpec></header><metadata><record xmlns="http://www.loc.gov/MARC21/slim" xmlns:dcterms="http://purl.org/dc/terms/" xmlns:xsi="http://www.w3.org/2001/XMLSchema-instance" xmlns:doc="http://www.lyncode.com/xoai" xsi:schemaLocation="http://www.loc.gov/MARC21/slim http://www.loc.gov/standards/marcxml/schema/MARC21slim.xsd">
   <leader>00925njm 22002777a 4500</leader>
   <datafield ind2=" " ind1=" " tag="042">
      <subfield code="a">dc</subfield>
   </datafield>
   <datafield ind2=" " ind1=" " tag="720">
      <subfield code="a">Comasòlivas de la Torre, Nil</subfield>
      <subfield code="e">author</subfield>
   </datafield>
   <datafield ind2=" " ind1=" " tag="260">
      <subfield code="c">2024-06-01</subfield>
   </datafield>
   <datafield ind2=" " ind1=" " tag="520">
      <subfield code="a">En finalitzar els estudis del grau en Disseny i desenvolupament de videojocs, cursat a la Universitat de Girona. ´ Es d’´us com´u que l’objectiu principal dels estudiants sigui el d’elaborar i crear, un projecte jugable. Es doncs per aixo, que la meva idea sempre ha estat de crear un videojoc en solitari, per al TFG, ja que ´es una bona manera no tan sols d’avaluar la meva feina en un&#xd;
`ambit acad`emic, sin´o tamb´e d’autoavaluaci´o personal, cosa que tamb´e trobo molt important. L’objecte com b´e he esmentat, ´es doncs un videojoc, que contempli tant parts m´es ben definides, on vull posar m´es `emfasi, com el disseny dels nivells&#xd;
o les mec`aniques que pot utilitzar el jugador com d’altres que no tindran tant pes, per`o que tamb´e hi dedicar´e temps per a acabar de fer un producte sencer.&#xd;
Finalment, l’abast n’´es fins on vull posar la barrera i limitar el videojoc. Aquest t´e com a finalitat crear un videojoc amb tots els seus components, men´us, mec`aniques, m´usica, disseny del videojoc, nivells... Fent doncs unaproducci´o completa</subfield>
   </datafield>
   <datafield ind2=" " ind1=" " tag="520">
      <subfield code="a">Upon completing my degree in Video Game Design and Development, taken at the University of Girona. It is common for students' main objective to be to develop and create a playable project. That is why my idea has always been to create a video game alone for the TFG, since it is a good way not only to evaluate my work in an academic context, but also for personal self-evaluation, which I also find very important. The object, as I have mentioned, is therefore a video game, which contemplates both more well-defined parts, where I want to put more emphasis, such as the design of the levels or the mechanics that the player can use, as well as others that will not have as much weight, but which I will also dedicate time to finish making an entire product. Finally, the scope is where I want to put the barrier and limit the video game. This aims to create a video game with all its components, menus, mechanics, music, video game design, levels... Thus making a complete production</subfield>
   </datafield>
   <datafield ind1="8" ind2=" " tag="024">
      <subfield code="a">https://hdl.handle.net/10256/28494</subfield>
   </datafield>
   <datafield tag="653" ind2=" " ind1=" ">
      <subfield code="a">Videojocs</subfield>
   </datafield>
   <datafield tag="653" ind2=" " ind1=" ">
      <subfield code="a">Video games</subfield>
   </datafield>
   <datafield tag="653" ind2=" " ind1=" ">
      <subfield code="a">Programari - Desenvolupament</subfield>
   </datafield>
   <datafield tag="653" ind2=" " ind1=" ">
      <subfield code="a">Computer software - Development</subfield>
   </datafield>
   <datafield tag="653" ind2=" " ind1=" ">
      <subfield code="a">Video game industry</subfield>
   </datafield>
   <datafield ind2="0" ind1="0" tag="245">
      <subfield code="a">Megalomania d'ànimes</subfield>
   </datafield>
</record></metadata></record></GetRecord></OAI-PMH>